| 000 | 00512cam a2200205ua 4500 | ||
|---|---|---|---|
| 020 | _c295.00 | ||
| 041 |
_aeng _h |
||
| 082 |
_a620.17 _bTIM/EN |
||
| 100 | _aTimoshenko, S . | ||
| 245 |
_aEngineering mechanics / _cS Timoshenko. _hTextual Documents |
||
| 250 |
_a4 / _b. |
||
| 260 |
_aNew York : _bMcGraw Hill Book Company , _c2006. |
||
| 300 |
_a529 : _b506 ; . |
||
| 365 | _a295.00 | ||
| 504 | _a | ||
| 700 | 1 | _aYoung, D H . | |
| 942 | _cBK | ||
| 999 |
_c10553 _d10553 |
||